1610 1256 1123 1736 1041 1277 1433 1694 1336 1730 1025 1209 1468 1719 1244 1317 1961 1015 1636 1313 1910 1603 1433 1807 1844 1859 1830 1246 1876 1085 1409 1974 1977 1455 1740 1288 1357 1993 1189 1559 1335 1903 1485 1463 1115 1480 1952 1895 1442 1540 1116 1831 1720 1264 1622 1942 1241 1121 1995 1086 1134 1634 1019 1013 1878 1643 1381 1468 1297 1009 1555 1876 1796 1522 1582 1899 1175 1802 1060 1656 1367 1932 1773 1849 1131 1989 1809 1483 1861 1393 1614 1158 1824 1983 1775 1822 1939 1889 1153 BCNSPRNW ULIB Ver.6.0+V

เปลี่ยนเป็นภาษาไทย

Change to English
 แสดงรายละเอียดบรรณานุกรม
  กลับหน้าหลัก

Brief Record : Get Marc (ISO 2709) : E-mail record : QR code < ปิดหน้าต่าง
LEADER : 00000nam 2200000uu 4500
001    13399112880
003     ULIB
008    110915s2553||||th 000 0 tha d
024    9789740326700
050  4 H62.A5^bอ622ก 2553
100 0  อาทิวรรณ โชติพฤกษ์.
245 10 ก้าวสู่ความเป็นนักวิจัยมืออาชีพ /^cโดย อาทิวรรณโชติพฤกษ์.
246 30 ก้าวสู่ความเป็นนักวิจัยมืออาชีพ
260    กรุงเทพฯ : โรงพิมพ์แห่งจุฬาลงกรณ์มหาวิทยาลัย,^c2553.
300    145 หน้า: ภาพประกอบ ; 21 ซม.
650  0 พิษวิทยาทางสัตวแพทย์.
650  0 วิจัย -- การเขียน.
945    ^p130^l0^i030525
945    ^p130^l0^i030526
995     เกษร
999 ^a ใช้งานได้ทุกระบบ
รายการนี้ยังไม่มีแท็ก
คุณยังไม่ได้ล็อกอิน คุณสามารถมีกิจกรรมร่วมกับเว็บไซต์ได้ แต่ต้องล็อกอินก่อน ::
  ล็อกอิน

รายการสื่อสารสนเทศ

ลำดับที่ ประเภท เลขเรียก/บาร์โค้ด สถานที่ สถานะ
- ไม่พบข้อมูล -

BibComment


ยังไม่เคยถูกคอมเมนท์

คอมเมนท์ทรัพยากรรายการนี้
  คอมเมนท์: ก้าวสู่ความเป็นนั..


 Copyright 2026. Bcnsprnw @Library